000 00606nam a2200253Ia 4500
003 OSt
005 20221007111533.0
006 a|||||r|||| 00| 0
007 ta
008 221006b |||||||| |||| 00| 0 eng d
024 _a23,775
037 _cTextual
040 _aLCO
_cLCO
_beng
041 _2eng
_aeng
082 _aX61:5, K8
100 _aDay A.C.L
245 0 _aEconomics of Money
250 _a2nd
260 _aLondon
_bOxford University Press U.K
_c1968
300 _a151
650 _aMONEY
942 _hX61:5, K8
_cTEXL
999 _c1193338
_d1193338